Normal view
MARC view
- Artificial intelligence -- Data processing
Entry Topical Term
001 - CONTROL NUMBER
- control field: 2833
003 - CONTROL NUMBER IDENTIFIER
- control field: JO-AjAnu
005 - DATE AND TIME OF LATEST TRANSACTION
- control field: 20230606070752.0
008 - FIXED-LENGTH DATA ELEMENTS
- fixed length control field: 230606|| aca||aabn | a|a d
040 ## - CATALOGING SOURCE
- Original cataloging agency: JO-AjAnu
- Transcribing agency: JO-AjAnu
150 ## - HEADING--TOPICAL TERM
- Topical term or geographic name entry element: Artificial intelligence -- Data processing
670 ## - SOURCE DATA FOUND
- Source citation: Work cat.: (JO-AjAnu)1484: Bratko,ivan, author 2832, Prolog programming for artificial intelligence .